000 02264nam2a2200241 4500
001 RU\NLR\BIBL_A\012701570
005 20220310122419.0
010 _a978-5-7148-0756-5
_9140
021 _aRU
_bКН-П-21-071600
_9КН-П-21-5676
035 _a(NLR Aleph) 012701570
035 _a(RuMoRGB)010839923
090 _a12880086
_c12880086
100 _a20220204d2021 k y0rusy50 ca
101 0 _arus
_deng
102 _aRU
105 _ay|||z|||1||z|
200 0 _aЧ. 1
215 _a224 с.
461 0 _1001RU\NLR\BIBL_A\012701569
_12001#$aАктуальные вопросы и современные тенденции воспитания и дополнительного образования$eматериалы всероссийской научно-практической конференции с международным участием (в рамках весенней площадки ReФорума "Управляя будущим"), 18-19 марта 2021 года$eв двух частях$fМинистерство образования Кузбасса, Кузбасский региональный институт повышения квалификации и переподготовки работников образования$gредакционная коллегия: Л.В. Голубицкая [и др.]$vЧ. 1
_912880083
_cКемерово
_d2021
_fМинистерство образования Кузбасса, Кузбасский региональный институт повышения квалификации и переподготовки работников образования
_nИзд-во КРИПКиПРО
_oматериалы всероссийской научно-практической конференции с международным участием (в рамках весенней площадки ReФорума "Управляя будущим"), 18-19 марта 2021 года : в двух частях
_tАктуальные вопросы и современные тенденции воспитания и дополнительного образования
_y9785714807558
_vЧ. 1
942 _cBOOK
980 _aNB